The unfree professions : German lawyers, teachers, and engineers, 1900-1950 /

Bibliographic Details
Main Author: Jarausch, Konrad Hugo
Format: Book
Language:English
Published: New York : Oxford University Press, 1990.
Subjects:

MARC

Tag First Indicator Second Indicator Subfields
LEADER 00000cam a22000008a 4500
001 in00000928021
005 20150925124214.0
008 890627s1990 nyu 00010 eng
010 |a  89036827  
020 |a 0195044827 
035 |a (OCoLC)20057378 
035 |9 AES1723AM 
040 |a DLC  |c DLC  |d TXA  |d UtOrBLW 
043 |a e-gx--- 
049 |a TXAM 
050 0 0 |a HD8038.G3  |b J37 1990 
082 0 0 |a 331.7/12/09430904  |2 20 
100 1 |a Jarausch, Konrad Hugo. 
245 1 4 |a The unfree professions :  |b German lawyers, teachers, and engineers, 1900-1950 /  |c Konrad H. Jarausch. 
263 |a 9006 
264 1 |a New York :  |b Oxford University Press,  |c 1990. 
300 |a 352 pages :  |b illustrations 
336 |a text  |b txt  |2 rdacontent 
337 |a unmediated  |b n  |2 rdamedia 
338 |a volume  |b nc  |2 rdacarrier 
504 |a Includes bibliographical references and index. 
650 0 |a Professional employees  |x Government policy  |z Germany  |x History  |y 20th century. 
650 0 |a Professions  |x Governmant policy  |z Germany  |x History  |y 20th century. 
650 0 |a Lawyers  |z Germany  |x History  |y 20th century. 
650 0 |a Teachers  |x Legal status, laws, etc.  |z Germany  |x History  |y 20th century. 
650 0 |a Engineers  |x Legal status, laws, etc.  |z Germany  |x History  |y 20th century. 
651 0 |a Germany  |x Politics and government  |y 1933-1945. 
999 |a MARS 
999 f f |s b332a1cb-9fd8-32ad-b34a-701b99656a6e  |i 7b6f4c5a-4e9d-39df-af6a-c578398edf16  |t 0 
952 f f |p ric  |a Texas A&M University  |b Rellis Campus  |c Joint Library Facility  |d Remote Storage  |t 0  |e HD8038.G3 J37 1990  |h Library of Congress classification  |i unmediated -- volume  |m A14813952522 
998 f f |a HD8038.G3 J37 1990  |t 0  |l Remote Storage